header

What global economic crisis? (Record no. 179322)

MARC details
000 -LEADER
fixed length control field 01533nam a22003494a 4500
082 04 - DEWEY DECIMAL CLASSIFICATION NUMBER
Classification number 332/.042
245 00 - TITLE STATEMENT
Title What global economic crisis?
260 ## - PUBLICATION, DISTRIBUTION, ETC. (IMPRINT)
Place of publication Houndmills, Basingstoke, Hampshire ;
-- New York :
Name of publisher Palgrave,
Year of publication 2001.
300 ## - PHYSICAL DESCRIPTION
Number of Pages xviii, 258 p. :
Other physical details ill.
500 ## - GENERAL NOTE
General note "The papers in this book were presented at a conference on Global financial crisis, held in Gonville and Caius College, Cambridge, UK, in early September 1999"--Introd.
650 #0 - SUBJECT ADDED ENTRY--TOPICAL TERM
Topical Term Financial crises
Topical Term International finance
Topical Term Globalization
700 1# - ADDED ENTRY--PERSONAL NAME
Personal name Arestis, Philip,
Personal name Baddeley, Michelle,
Personal name McCombie, J. S. L.
856 40 - ELECTRONIC LOCATION AND ACCESS
Uniform Resource Identifier http://site.ebrary.com/lib/rucke/Doc?id=10044871

No items available.

© 2026 Rongo University
Contact us: librarian | system librarian | Rongo university